000 00827nam a22002297a 4500
999 _c14397
_d14397
003 AR-CdUCM
008 190423b ||||| |||| 00| 0 spa d
020 _a978-1-4748--2751-5
040 _aMUNICIPALIDAD PROVINCIAL DEL CUSCO
_cBIBLIOTECA MUNICIPAL DEL CUSCO
082 _aEP / 376.1 /
_bP26
100 _aClaybourne, Anna
_933141
245 _aExplora, experimenta y descubre en mundo de la ciencia /
260 _aUSA :
_bParragon,
_c2015.
300 _a128 páginas ;
_bIlustraciones,
_c25 cm.
505 _aContenido: ¿Qué es la ciencia? -- ¡Experimenta! -- Ciencia e inventos -- Luz y sombra...
650 _aCiencia para niños
_933150
650 _aPrimera infancia
_924660
650 _aExperimento para niños
_933151
700 _aDiverdidáctica
_933152
942 _2ddc
_cLIBROS
945 _adavv
_d23/04/2019